MARVEL Characters - Statystyki

Ogólne statystyki
  • Ten quiz został rozwiązany 139 razy
    63 od ostatniego zresetowania
  • Średni wynik to 85 z 432
Statystyki odpowiedzi
Letter Odpowiedź % Poprawnych
I Iron Man
90%
C Captain America (Steve Rogers)
86%
A Ant-Man
83%
B Black Widow
81%
S Spider-Man (Peter Parker)
81%
H Hawkeye (Clint Barton)
79%
H Hulk
79%
S Spider-Man (Miles Morales)
79%
T Thor Odinson
79%
H Hawkeye (Kate Bishop)
74%
L Loki Laufeyson
74%
B Black Panther (T'Challa)
71%
S Scarlet Witch
71%
W Wolverine
71%
G Gamora
69%
R Rocket Raccoon
69%
T Thanos
69%
V Vision
69%
B Black Panther (Shuri)
67%
D Deadpool
67%
H Human Torch (Johnny Storm)
67%
M Mary Jane Watson
67%
S Star-Lord
67%
W Winter Soldier
67%
D Doctor Strange
64%
G Green Goblin (Harry Osborn)
64%
G Green Goblin (Norman Osborn)
64%
G Groot
64%
M Mister Fantastic
64%
N Nebula
64%
N Nick Fury
64%
V Venom
62%
D Daredevil
60%
G Ghost
60%
M Mantis
60%
O Odin Borson
60%
Q Quicksilver
60%
C Captain America (Sam Wilson)
57%
C Captain Marvel
57%
D Drax Destroyer
57%
M Magneto
57%
W Wasp (Hope van Dyne)
57%
W Wasp (Janet van Dyne)
57%
D Doctor Octopus
55%
F Falcon
55%
P Professor X
55%
R Red Skull
55%
S She-Hulk
55%
S Storm
55%
T Thing
55%
W War Machine
55%
H Human Torch (Jim Hammond)
52%
I Invisible Woman
52%
U Ultron
52%
A Abomination
50%
C Carnage
50%
C Cyclops
50%
E Electro
50%
M Moon Knight
50%
R Red Guardian
50%
B Beast
48%
H Hela
48%
K Kingpin
48%
M Maria Hill
48%
W Wong
48%
D Doctor Doom
45%
M Mysterio
45%
P Phoenix
45%
R Red Hulk
45%
R Rhino
45%
A Agent Coulson
43%
B Blade
43%
K Kraven the Hunter
43%
R Rescue
43%
S Sandman
43%
A Agent Carter
40%
G Ghost-Spider
40%
L Lizard
40%
L Luke Cage
40%
M May Parker
40%
P Punisher
40%
S Sentry
40%
S Silver Surfer (Norrin Radd)
40%
B Baron Zemo
38%
E Ego - Living Planet
38%
E Elektra Natchios
38%
G Galactus
38%
G Ghost Rider
38%
I Iron Fist
38%
K Kang the Conqueror
38%
M Miss Marvel
38%
N Namor the Sub-Mariner
38%
N Ned Leeds
38%
V Vulture
38%
W White Widow
38%
Y Yondu Udonta
38%
C Colossus
36%
G Gambit
36%
G Giant-Man
36%
H Heimdall
36%
J Jessica Jones
36%
S Shang-Chi
36%
B Ben Parker
33%
E Erik Killmonger
33%
S Silver Surfer (Shalla-Bal)
33%
S Spider-Woman
33%
T Taskmaster
33%
B Black Bolt
31%
B Bullseye
31%
I Iceman
31%
I Ironheart
31%
M Man-Ape
31%
M M.O.D.O.K
31%
M Mystique
31%
N Nova
31%
O Okoye
31%
R Rogue
31%
S Scorpion
31%
V Valkyrie
31%
J Juggernaut
29%
M Michael Morbius
29%
M Mister Negative
29%
X X-23
29%
A Adam Warlock
26%
A Agent Venom
26%
A Arnim Zola
26%
C Cosmo the Spacedog
26%
E Echo
26%
H Happy Hogan
26%
H Howard Stark
26%
M Mandarin
26%
N Nightcrawler
26%
S Spider-Girl
26%
A Angel
24%
B Black Cat
24%
C Collector
24%
K Klaw
24%
L Lady Sif
24%
R Red She-Hulk
24%
R Ronan the Accuser
24%
W Whiplash
24%
A A-Bomb
21%
A Agatha Harkness
21%
A America Chavez
21%
B Baron Mordo
21%
C Cable
21%
F Frigga
21%
G Gwenpool
21%
H Howard the Duck
21%
K Korg
21%
M Madame Web
21%
N Nakia
21%
S Sabretooth
21%
S Speed
21%
S Spider-Man 2099
21%
T T'Chaka
21%
U U.S Agent
21%
W White Queen
21%
W White Tiger (Ava Ayala)
21%
W Wonder Man
21%
Y Yellowjacket
21%
B Black Knight (Dane Whitman)
19%
B Black Knight (Nathan Garrett)
19%
D Dormammu
19%
G Gorr the God Butcher
19%
I Iron Monger
19%
J John Jonah Jameson Jr.
19%
M Mighty Thor
19%
P Prowler
19%
S Shocker
19%
Z Zeus
19%
A Anti-Venom
17%
A Apocalypse
17%
C Captain Britain
17%
G Grandmaster
17%
I Ikaris
17%
K Knull
17%
L Lucas Bishop
17%
P Psylocke
17%
S Silver Sable
17%
W White Tiger (Hector Ayala)
17%
E Ebony Maw
14%
H Havok
14%
H Hercules
14%
H Hobgoblin
14%
M Maker
14%
M Man-Thing
14%
M Medusa
14%
P Pyro
14%
W Wiccan
14%
A Absorbing Man
12%
A Attuma
12%
B Banshee
12%
B Blob
12%
B Boomerang
12%
C Cloak
12%
D Domino
12%
H Hammerhead
12%
K Kraglin
12%
L Laufey
12%
L Leader
12%
L Lockjaw
12%
M Maximus Boltagon
12%
O Omega Red
12%
P Powerhouse
12%
S Sersi
12%
S Spider-Ham
12%
S Stinger
12%
T Thena
12%
T Toad
12%
A Aldrich Killian
10%
A Ancient One
10%
B Beyonder
10%
B Bowman
10%
C Captain Universe
10%
D Dogpool
10%
H Hulkling
10%
M Magik
10%
M Mephistoteles
10%
M M.O.D.A.M
10%
M Morgan Stark
10%
R Red King
10%
S Shadowcat
10%
S Silver Samurai
10%
S Super-Skrull
10%
S Surtur
10%
T Triton
10%
V Viper
10%
W Watcher
10%
W Whizzer
10%
A Ajax
7%
A Azazel
7%
B Black King
7%
B Blue Marvel
7%
C Cassandra Nova
7%
C Crossbones
7%
C Crystal
7%
D Destroyer
7%
E Egghead
7%
F Fandral
7%
F Firefist
7%
G Gorilla Man
7%
H H.E.R.B.I.E
7%
H Hyperion
7%
I Iron Lad
7%
J Jubilee
7%
K Kaecilius
7%
K Ka-Zar
7%
K Kingo Sunen
7%
K Korvac
7%
L Luna Snow
7%
M Malekith
7%
M Melter
7%
M Mister Sinister
7%
N Negasonic Teenage Warhead
7%
N Nicepool
7%
P Presence
7%
P Proxima Midnight
7%
R Rio Morales
7%
S Skurge - Executioner
7%
S Sprite
7%
S Starfox
7%
T Tigra
7%
T Titania
7%
T Toxin
7%
W Whirlwind
7%
W William Stryker
7%
A Alexander Pierce
5%
A Arishem the Judge
5%
B Beta Ray Bill
5%
C Chameleon
5%
C Clea
5%
C Count Dracula
5%
D Dagger
5%
D Druig
5%
E Enchantress
5%
G Gorgon
5%
J Jigsaw
5%
K Karnak Mader-Azur
5%
K Khonshu
5%
L Lady Deathstrike
5%
L Legion
5%
M Maria Stark
5%
M Marvel Boy
5%
M Mockingbird
5%
N Namora
5%
N Nightmare
5%
P Polaris
5%
Q Quasar
5%
R Razor Fist
5%
R Riot
5%
S Scream
5%
S Silvermane
5%
S Squirrel Girl
5%
T Talos the Untamed
5%
T Tinkerer
5%
T Tombstone
5%
W Wizard
5%
Y Yukio
5%
A Abraham Erskine
2%
A Aero
2%
A Atlas
2%
B Babypool
2%
B Baron von Strucker
2%
B Blackheart
2%
B Blizzard
2%
C Cannonball
2%
C Chipmunk Hunk
2%
C Christine Palmer
2%
C Corvus Glaive
2%
C Cull Obsidian
2%
D Darcy Lewis
2%
D Devil Dinosaur
2%
E Eson the Searcher
2%
F Fin Fang Foom
2%
G Ganke Lee
2%
G Gargantos
2%
G Gladiator
2%
H Hit-Monkey
2%
H Hybrid
2%
H Hydro-Man
2%
J Jefferson Davis
2%
L Ladypool
2%
L Lasher
2%
L Luis
2%
M M-11 - Human Robot
2%
M Machine Man
2%
M Misty Knight
2%
M Moira MacTaggert
2%
M Moon Girl
2%
M Morgan le Fay
2%
P Paradox
2%
P Phantom Rider
2%
P Proteus
2%
R Ramonda
2%
R Ravonna Renslayer
2%
S Skaar
2%
S Starhawk
2%
S Steel Serpent
2%
S Stingray
2%
S Sunspot
2%
S Supergiant
2%
S Swordsman
2%
T Throg
2%
T Totally Awesome Hulk
2%
V Venus
2%
V Volstagg
2%
V Vulcan
2%
X X-Ray
2%
A Agony
0%
A Amanda Armstrong
0%
A Ammit
0%
A Aneka
0%
A Annihilus
0%
A Arthur Harrow
0%
A Askani
0%
A Axl Heimdallson
0%
B Big Wheel
0%
B Blackout
0%
B Blind Al
0%
B Bor Burison
0%
C Colleen Wing
0%
C Conan the Barbarian
0%
C Copycat
0%
C Crossfire
0%
C Cypher
0%
D Daken
0%
D Darkhawk
0%
D Deacon Frost
0%
D Deathlok
0%
D Demogoblin
0%
D Demolition Man
0%
D Destiny
0%
D Doctor List
0%
D Doctor Voodoo
0%
E Elixir
0%
E Exodus
0%
E Ezekiel Sims
0%
G General Dreykov
0%
G G'iah
0%
G Goldballs
0%
G Gordon
0%
H Harley Keener
0%
H Hope Summers
0%
H Horus
0%
H Ho Yinsen
0%
I Inferno
0%
I Iron Maiden
0%
I Iron Man 2020
0%
J Jack O'Lantern
0%
J Jimmy Woo
0%
J Jocasta Pym
0%
K Karli Morgenthau
0%
K Katy Chen
0%
K Kidpool
0%
K Koi Boi
0%
K Kurse
0%
L Leap-Frog
0%
M Magnitron
0%
M Man-Bull
0%
M Mastermind
0%
M Maverick
0%
M Monet St. Croix
0%
M Moondragon
0%
M Morlun
0%
M Multiple Man
0%
N Nimrod
0%
O Onslaught
0%
P Phage
0%
P Porcupine
0%
P Poundcakes
0%
P Professor Squid
0%
P Psycho-Man
0%
P Puppet Master
0%
R Radioactive Man
0%
R Rocket Racer
0%
R Roxanne Simpson
0%
S Sage
0%
S Sidewinder
0%
S Simon Krieger
0%
S Sleepwalker
0%
S Snowbird
0%
S Songbird
0%
S Sunset Bain
0%
T Tempus
0%
T Thor Girl
0%
T Torg the Abominable Snow-King
0%
V Venompool
0%
V Vivian Vision
0%
W Wave
0%
W Wraith
0%
X Xu Xialing
0%
Nie znaleziono quizów pasujących do podanych kryteriów
Rozkład punktacji
Procent ludzi z każdym wynikiem
Percentyl według liczby udzielonych odpowiedzi
Twoja historia wyników
Nie rozwiązałeś tego quizu od ostatniego zresetowania